| 000 | 00495nam a22001817a 4500 | ||
|---|---|---|---|
| 999 |
_c257419 _d257418 |
||
| 003 | OSt | ||
| 005 | 20181115170354.0 | ||
| 008 | 181115b xxu||||| |||| 00| 0 eng d | ||
| 010 | _a2018354343 | ||
| 020 | _a9789966117588 | ||
| 040 | _cN/A | ||
| 050 |
_aDT433.582 _b.M87 R68 2018 |
||
| 100 | _aRothmyer, Karen, | ||
| 245 | _aJoseph Murumbi : a legacy of integrity | ||
| 260 |
_a[Nairobi] : _b Zand Graphics, _c [2018] |
||
| 300 |
_a194 pages : _b illustrations ; _c25 cm |
||
| 942 |
_2lcc _cBK |
||